Módulo de intervención en crisis: violencia sexual /
محفوظ في:
| المؤلف الرئيسي: | |
|---|---|
| مؤلفون آخرون: | |
| التنسيق: | نص |
| منشور في: |
San José:
UCR. FCS. EPS
|
| الموضوعات: | |
| الوسوم: |
إضافة وسم
لا توجد وسوم, كن أول من يضع وسما على هذه التسجيلة!
|
MARC
| LEADER | 00000 a a2200000 04500 | ||
|---|---|---|---|
| 001 | 33138 | ||
| 003 | |||
| 040 | |||
| 090 | |a 206503 | ||
| 100 | |a Claramunt M., Cecilia | ||
| 245 | |a Módulo de intervención en crisis: violencia sexual / |c Cecilia Claramunt M. | ||
| 260 | |a San José: |b UCR. FCS. EPS | ||
| 300 | |a 151 p. | ||
| 650 | |a ABUSO DE MENORES | ||
| 650 | |a ABUSO SEXUAL | ||
| 650 | |a INCESTO | ||
| 650 | |a PADRES | ||
| 650 | |a MADRES | ||
| 650 | |a VIOLENCIA INTRAFAMILIAR | ||
| 650 | |a COSTA RICA | ||
| 700 | |a comp. | ||
| 999 | |c 17278 |d 17278 | ||
